000 00731nam a2200217Ia 4500
003 GCL
008 140319s9999 xx 000 0 ara d
040 _aGCL /
_cGCL
082 0 4 _a962.4
_bش ت
100 1 _aشوقى عطاالله الجمل
245 1 0 _aتاريخ سودان وادى النيل حضارته وعلاقته بمصر من اقدم العصور الى الوقت الحاضر /
_cشوقى عطاالله الجمل
700 1 _aشوقى الجمل
260 _a[S.N] :
_bمكتبة الانجلوالمصرية ،
_c1969
300 _a377 ص
490 _a
650 0 4 _aمصر
650 0 4 _aتاريخ
650 0 4 _aالسودان
650 0 4 _aالعلاقات الخارجية
942 _2ddc
_cBK
999 _c32441
_d32441